00724nam a2200193 a 450000100100000000500170001000800410002702000150006804000250008308200150010810000290012324500750015226000720022730000270029950400330032670000410035995201130040099900170051300004457020201002045453.0140717s1987 dr a 000 0 spa d a8400067045 aDO-SdBNPbspacBNPHU axxxxbxxxx1 aMargalef Roig, J.97259410aTopología diferencial /cJ. Margaleff Roig, E. Outerelo Domínguez. aMadrid :bConsejo Superior de Investigaciones Científicas,c1987. a453 p :bil. ;c24 cm. aBibliografía: p. [443]-44512aOuterelo Domínguez, Enrique972595 0010718PDaGRbGRcCTd2014-07-17iLF1l0oxxxx xxxxp44570-10r2020-06-25w2020-06-25yLFPDZNo se presta c44059d44059